Participants au Tournoi du Pouvoir (Dragon Ball Super) - Statistiques

Statistiques générales
  • Ce quiz a été pris 41 fois
  • Le résultat moyen est 18 sur 80
Statistiques - réponses
Univers Participants au Tournoi du Pouvoir % Correct
Univers 7 Son Gohan
97%
Univers 7 Son Goku
97%
Univers 7 Vegeta
97%
Univers 7 Freezer
91%
Univers 11 Jiren
88%
Univers 7 Krilin
88%
Univers 7 C-17
85%
Univers 7 C-18
85%
Univers 7 Piccolo
82%
Univers 11 Toppo
82%
Univers 7 Tortue Géniale
82%
Univers 6 Kale
76%
Univers 6 Caulifla
73%
Univers 6 Hit
73%
Univers 7 Ten Shin Han
61%
Univers 6 Cabba
58%
Univers 11 Dispo
58%
Univers 6 Frost
48%
Univers 2 Brianne de Château
39%
Univers 9 Bergamo
30%
Univers 6 Botamo
24%
Univers 9 Basil
21%
Univers 6 Magetta
21%
Univers 9 Lavender
18%
Univers 11 Cocotte
15%
Univers 6 Dr.Rota
15%
Univers 4 Ganos
15%
Univers 6 Saonel
15%
Univers 4 Monna
12%
Univers 4 Caway
9%
Univers 2 Sanka Kû
9%
Univers 2 Sû Roas
9%
Univers 3 Biarra
6%
Univers 4 Dercori
6%
Univers 9 Hop
6%
Univers 10 Lirybeu
6%
Univers 3 Papperoni
6%
Univers 6 Pilina
6%
Univers 2 Prum
6%
Univers 4 Shosa
6%
Univers 2 Zabuto
6%
Univers 2 Zirloin
6%
Univers 2 Bikal
3%
Univers 3 Boraleta
3%
Univers 11 Casserale
3%
Univers 3 Catopesra
3%
Univers 4 Gammisalas
3%
Univers 2 Hamira
3%
Univers 2 Jimizu
3%
Univers 3 Koitsukai
3%
Univers 3 Maji Kayo
3%
Univers 10 Napapa
3%
Univers 3 Narirama
3%
Univers 3 Nigrissi
3%
Univers 3 Panzia
3%
Univers 2 Rabanra
3%
Univers 11 Tupper
3%
Univers 9 Chevil
0%
Univers 9 Comfrey
0%
Univers 4 Damom
0%
Univers 10 Dyrasen
0%
Univers 9 Hyssop
0%
Univers 11 Kettle
0%
Univers 11 K'nsi
0%
Univers 4 Marjora
0%
Univers 10 Methiop
0%
Univers 10 Mulithim
0%
Univers 10 Murisam
0%
Univers 4 Ninku
0%
Univers 10 Obni
0%
Univers 9 Oregano
0%
Univers 9 Roselle
0%
Univers 10 Rubalt
0%
Univers 3 Sa-Priccio
0%
Univers 10 Sium
0%
Univers 9 Sorrel
0%
Univers 11 Veon
0%
Univers 4 Xiangca
0%
Univers 10 Zircol
0%
Univers 11 Zoire
0%
Aucun quiz correspondant
Distribution des résultats
% des personnes avec chaque résultat
Percentile par nombre de réponses
Votre historique - résultats
Vous n’avez pas pris ce quiz